000 00647nam a2200253Ia 4500
001 34098
005 20240114001714.0
007 ta
008 070207s1999 g b000 u 465 u
040 _aCotton College,Assam
041 _a465
082 _a954
_bGr 869 Kh
100 _aGrewal, J.S..
245 0 _aThe Khalsa Over 300 Years /
_cJ.S.Grewal & Indus Banga.
_hTextual Documents
250 _a1st ed. /
260 _aNew Delhi :
_bTulika ,
_c1999.
300 _a226p. ;
_c22cm.
653 _aHistory
653 _aG-History
700 _aBanga, Indus .
942 _2ddc
_cBK
999 _c34080
_d34080